Library Logo

Pioneer International University Library Catalogue

A farm called Kishinev / (Record no. 9299)

MARC details
000 -LEADER
fixed length control field 00460cam a22001577a 4500
005 - DATE AND TIME OF LATEST TRANSACTION
control field 20250901165806.0
008 - FIXED-LENGTH DATA ELEMENTS--GENERAL INFORMATION
fixed length control field 051123s2005 ke |||| |||||||| ||eng
010 ## - LIBRARY OF CONGRESS CONTROL NUMBER
LC control number 2005326901
020 ## - INTERNATIONAL STANDARD BOOK NUMBER
International Standard Book Number 9966254188
050 00 - LIBRARY OF CONGRESS CALL NUMBER
Classification number PR 9381.9 .M33 2005
100 1# - MAIN ENTRY--PERSONAL NAME
Personal name Macgoye, Marjorie Oludhe.
245 12 - TITLE STATEMENT
Title A farm called Kishinev /
Statement of responsibility, etc. Marjorie Oludhe Macgoye.
260 ## - PUBLICATION, DISTRIBUTION, ETC.
Place of publication, distribution, etc. Nairobi :
Name of publisher, distributor, etc. East African Educational Publishers,
Date of publication, distribution, etc. 2005.
300 ## - PHYSICAL DESCRIPTION
Extent 138 p. ;
Dimensions 21 cm.
942 ## - ADDED ENTRY ELEMENTS (KOHA)
Source of classification or shelving scheme Library of Congress Classification
Holdings
Withdrawn status Lost status Source of classification or shelving scheme Damaged status Not for loan Collection Home library Current library Shelving location Date acquired Source of acquisition Total checkouts Full call number Barcode Date last seen Date last checked out Copy number Price effective from Koha item type
    Library of Congress Classification       Main Library Main Library   03/20/2025 Donation from KICD 1 PR 9381.9 .M33 2005 PIUD0000253 04/02/2025 04/02/2025 1 03/20/2025 Books
    Library of Congress Classification       Main Library Main Library   03/20/2025 Donation from KICD   PR 9381.9 .M33 2005 PIUD0000254 03/20/2025   2 03/20/2025 Books